书目信息 |
| 题名: |
竞技体操高级成套动作教学与实践研究
|
|
| 作者: | 刘二侠 著 | |
| 分册: | ||
| 出版信息: | 北京 北京工业大学出版社 2021.4 |
|
| 页数: | 249页 | |
| 开本: | 24cm | |
| 丛书名: | ||
| 单 册: | ||
| 中图分类: | G832.02 | |
| 科图分类: | ||
| 主题词: | 竞技体操--运动训练--教学研究 | |
| 电子资源: | ||
| ISBN: | 978-7-5639-7180-0 | |
| 000 | 01106nam0 2200229 45 | |
| 001 | 012001000607 | |
| 005 | 20130909104451.0 | |
| 010 | @a978-7-5639-7180-0@dCNY80.00 | |
| 100 | @a20200806d2019 em y0chiy0110 ea | |
| 101 | 0 | @achi |
| 102 | @aCN@b110000 | |
| 105 | @ay z 000yy | |
| 106 | @ar | |
| 200 | 1 | @a竞技体操高级成套动作教学与实践研究@Ajing ji ti cao gao ji cheng tao dong zuo jiao xue yu shi jian yan jiu@f刘二侠著 |
| 210 | @a北京@c北京工业大学出版社@d2021.4 | |
| 215 | @a249页@d24cm | |
| 330 | @a本书共九章可分为四部分。第一部分是基础知识探究,包含竞技及竞技体育、竞技体操的功能研究、竞技体操市场开发探索、国外竞技体操发展启示以及我国竞技体操发展现状与思考等内容;第二部分是竞技体操器械分析,包括体育器械概述、竞技体操器械的安全使用以及竞技体操器械演变特征研究三节知识内容;第三部分重点对平衡木、自由体操、单杠、蹦床、跳马、鞍马的高级成套动作展开教学与实践研究;第四部分是笔者对全书的总结与展望。 | |
| 606 | 0 | @a竞技体操@x运动训练@x教学研究 |
| 690 | @aG832.02@v5 | |
| 701 | 0 | @a刘二侠@Aliu er xia@c(女,@f1981-)@4著 |
| 801 | @aCN@b江苏凤凰@c20211018 | |
| 905 | @b1340316-9@dG832.02@e216@f4 | |
| 竞技体操高级成套动作教学与实践研究/刘二侠著.-北京:北京工业大学出版社,2021.4 |
| 249页;24cm |
| ISBN 978-7-5639-7180-0:CNY80.00 |
| 本书共九章可分为四部分。第一部分是基础知识探究,包含竞技及竞技体育、竞技体操的功能研究、竞技体操市场开发探索、国外竞技体操发展启示以及我国竞技体操发展现状与思考等内容;第二部分是竞技体操器械分析,包括体育器械概述、竞技体操器械的安全使用以及竞技体操器械演变特征研究三节知识内容;第三部分重点对平衡木、自由体操、单杠、蹦床、跳马、鞍马的高级成套动作展开教学与实践研究;第四部分是笔者对全书的总结与展望。 |
| ● |
| 相关链接 |
|
|
|
|
正题名:竞技体操高级成套动作教学与实践研究
索取号:G832.02/216
 
预约/预借
| 序号 | 登录号 | 条形码 | 馆藏地/架位号 | 状态 | 备注 |
| 1 | 1340316 | 213403164 | 第一样本阅览室/ [索取号:G832.02/216] | 在馆 | |
| 2 | 1340317 | 213403173 | 第四借阅区/ [索取号:G832.02/216] | 在馆 | |
| 3 | 1340318 | 213403182 | 第四借阅区/ [索取号:G832.02/216] | 在馆 | |
| 4 | 1340319 | 213403191 | 第四借阅区/ [索取号:G832.02/216] | 在馆 |